Trhy práce České republiky, Rakouska a Slovenska: komparace vybraných ukazatelů

Trendy na trhu práce v Európskej únii. Charakteristika trhu práce Českej republiky, Rakúska a Slovenska. Vývoj počtu nezamestnaných a počtu voľných pracovných miest - Beveridgova krivka.

Gespeichert in:
Bibliographische Detailangaben
1. Verfasser: Brožová, Dagmar
Format: Buchkapitel
Sprache:Tschechisch
Schlagworte:
Tags: Tag hinzufügen
Keine Tags, Fügen Sie das erste Tag hinzu!

MARC

LEADER 00000naa a2200000 4500
001 0209676
005 20220713131335.2
041 0 |a cze 
044 |a CZ 
245 1 0 |a Trhy práce České republiky, Rakouska a Slovenska: komparace vybraných ukazatelů  |c Dagmar Brožová 
520 |a Trendy na trhu práce v Európskej únii. Charakteristika trhu práce Českej republiky, Rakúska a Slovenska. Vývoj počtu nezamestnaných a počtu voľných pracovných miest - Beveridgova krivka. 
610 2 0 |a miesta pracovné 
610 2 0 |a analýza komparatívna 
610 2 0 |a nezamestnaní 
610 2 0 |a nezamestnanosť 
610 2 0 |a Európska únia 
610 2 0 |a Rakúsko 
610 2 0 |a Česko 
610 2 0 |a Slovensko 
610 2 0 |a trh práce 
100 1 |a Brožová, Dagmar